header

Oliver Wendell Holmes and the culture of conversation (Record no. 26783)

MARC details
000 -LEADER
fixed length control field 01587nam a2200373 a 4500
082 04 - DEWEY DECIMAL CLASSIFICATION NUMBER
Classification number 818/.309
100 1# - MAIN ENTRY--AUTHOR NAME
Personal name Gibian, Peter,
245 10 - TITLE STATEMENT
Title Oliver Wendell Holmes and the culture of conversation
260 ## - PUBLICATION, DISTRIBUTION, ETC. (IMPRINT)
Place of publication Cambridge ;
-- New York :
Name of publisher Cambridge University Press,
Year of publication 2001.
300 ## - PHYSICAL DESCRIPTION
Number of Pages xi, 398 p. :
Other physical details ill.
490 1# - SERIES STATEMENT
Series statement Cambridge studies in American literature and culture
650 #0 - SUBJECT ADDED ENTRY--TOPICAL TERM
Topical Term Literature and society
Topical Term Conversation
Topical Term Table-talk
Topical Term Conversation in literature.
Topical Term Dialogue in literature.
856 40 - ELECTRONIC LOCATION AND ACCESS
Uniform Resource Identifier http://site.ebrary.com/lib/rucke/Doc?id=10014903

No items available.

© 2026 Rongo University
Contact us: librarian | system librarian | Rongo university